000 00664nam a2200253Ia 4500
003 OSt
005 20220925194947.0
006 a|||||r|||| 00| 0
007 ta
008 220923b |||||||| |||| 00| 0 eng d
037 _cGeneral Book
040 _aRTL
_cRTL
_beng
041 _2eng
_aeng
082 _aX.243s, N3/GD
110 _aPunjab
_993118
245 0 _aPunjab Economic Adviser
260 _aChandigarh
_bGovt Press India
_c1993
300 _a174p
_ccm.
650 _a Punjab
_9243311
650 _aEconomic Conditions
_930695
700 _aPunjab
_993119
942 _hX.243s, N3/GD
_cGB
_2CC
999 _c531354
_d531354